Archeological studies among the ancient cities of Mexico (Record no. 3646)

MARC details
000 -CABECERA
campo de control de longitud fija 01362nam a2200397 a 4500
001 - NÚMERO DE CONTROL
campo de control BRCA_3919
005 - FECHA Y HORA DE LA ÚLTIMA TRANSACCIÓN
campo de control 20190320204456.0
008 - DATOS DE LONGITUD FIJA--INFORMACIÓN GENERAL
campo de control de longitud fija 100110s1897----u--a######---#000-0#eng-#
041 ## - CÓDIGO DE LENGUA
Código de lengua del texto/banda sonora o título independiente eng
044 ## - CÓDIGO DEL PAÍS DE LA ENTIDAD EDITORA/PRODUCTORA
Código MARC del país u
050 #4 - SIGNATURA TOPOGRÁFICA DE LA BIBLIOTECA DEL CONGRESO
Número de clasificación F1219
Número de documento/Ítem .H65 1897
100 1# - ENTRADA PRINCIPAL--NOMBRE DE PERSONA
Nombre de persona Holmes, William H.
9 (RLIN) 10184
245 10 - MENCIÓN DE TÍTULO
Título Archeological studies among the ancient cities of Mexico
Mención de responsabilidad, etc. by William H. Holmes.
260 ## - PUBLICACIÓN, DISTRIBUCIÓN, ETC.
Lugar de publicación, distribución, etc. Chicago
Nombre del editor, distribuidor, etc. Field Columbian Museum
Fecha de publicación, distribución, etc. 1895, 1897
300 ## - DESCRIPCIÓN FÍSICA
Extensión Varias paginaciones
Otras características físicas il. pls.
Dimensiones 25 cm.
440 #0 - MENCIÓN DE SERIE/PUNTO DE ACCESO ADICIONAL--TÍTULO
Título Field Columbian Museum publication
Designación de volumen o secuencia 16
9 (RLIN) 10185
500 ## - NOTA GENERAL
Nota general Part I.- Incluye índice de ilustración: p. 5-6.
500 ## - NOTA GENERAL
Nota general Part II.- Incluye índice de ilustración: p. 145-147.
500 ## - NOTA GENERAL
Nota general Incluye índice temático: p. 331-338.
500 ## - NOTA GENERAL
Nota general Part I.- Monuments of Yucatán.
500 ## - NOTA GENERAL
Nota general Part II.- Monuments of Chiapas, Oaxaca and the valley of Mexico.
500 ## - NOTA GENERAL
Nota general C68
650 14 - PUNTO DE ACCESO ADICIONAL DE MATERIA--TÉRMINO DE MATERIA
Término de materia o nombre geográfico como elemento de entrada Indios de México
9 (RLIN) 10186
650 14 - PUNTO DE ACCESO ADICIONAL DE MATERIA--TÉRMINO DE MATERIA
Término de materia o nombre geográfico como elemento de entrada Mayas
9 (RLIN) 8077
650 14 - PUNTO DE ACCESO ADICIONAL DE MATERIA--TÉRMINO DE MATERIA
Término de materia o nombre geográfico como elemento de entrada Mixtecos
9 (RLIN) 10187
650 14 - PUNTO DE ACCESO ADICIONAL DE MATERIA--TÉRMINO DE MATERIA
Término de materia o nombre geográfico como elemento de entrada Zapotecos
9 (RLIN) 10188
650 14 - PUNTO DE ACCESO ADICIONAL DE MATERIA--TÉRMINO DE MATERIA
Término de materia o nombre geográfico como elemento de entrada Aztecas
9 (RLIN) 2396
650 14 - PUNTO DE ACCESO ADICIONAL DE MATERIA--TÉRMINO DE MATERIA
Término de materia o nombre geográfico como elemento de entrada Arqueología
9 (RLIN) 8098
651 #4 - PUNTO DE ACCESO ADICIONAL DE MATERIA--NOMBRE GEOGRÁFICO
Nombre geográfico México
Subdivisión de forma Antigüedades
9 (RLIN) 10189
651 #4 - PUNTO DE ACCESO ADICIONAL DE MATERIA--NOMBRE GEOGRÁFICO
Nombre geográfico Oaxaca
Subdivisión de forma Antigüedades
9 (RLIN) 10190
651 #4 - PUNTO DE ACCESO ADICIONAL DE MATERIA--NOMBRE GEOGRÁFICO
Nombre geográfico Teotihuacan, México (Estado)
9 (RLIN) 10191
651 #4 - PUNTO DE ACCESO ADICIONAL DE MATERIA--NOMBRE GEOGRÁFICO
Nombre geográfico Yucatán
Subdivisión de forma Antigüedades
9 (RLIN) 10192
651 #4 - PUNTO DE ACCESO ADICIONAL DE MATERIA--NOMBRE GEOGRÁFICO
Nombre geográfico Chiapas
Subdivisión de forma Antigüedades
9 (RLIN) 10193
902 ## - CATALOGADOR
Iniciales GFM
942 ## - ELEMENTOS DE PUNTO DE ACCESO ADICIONAL (KOHA)
Fuente del sistema de clasificación o colocación Library of Congress Classification
Tipo de ítem Koha Libros
Holdings
Estado de retiro Estado de pérdida Estado dañado No para préstamo Localización permanente Ubicación/localización actual Fecha de adquisición Número de inventario Total de préstamos Signatura topográfica completa Código de barras Fecha visto por última vez Precio válido a partir de Tipo de ítem Koha
El ejemplar forma parte de la colección y puede ser consultado según las políticas vigentes.       Biblioteca del Museo Franz Mayer (Rogerio Casas-Alatriste) Biblioteca del Museo Franz Mayer (Rogerio Casas-Alatriste) 10/01/2010 C68   F1219 .H65 1897 (C68) 3916 22/03/2019 22/03/2019 Libros